| 000 | 01508cam a2200361 i 4500 | ||
|---|---|---|---|
| 001 | 20366092 | ||
| 003 | 3228 | ||
| 005 | 20230718123200.0 | ||
| 008 | 180222s2019 nyu 000 1 eng | ||
| 020 | _a9780735222854 (hardcover) | ||
| 020 | _a9781984877918 (export) | ||
| 020 | _z9780735222861 (ebook) | ||
| 040 |
_aDLC _beng _cDLC _erda _dDLC |
||
| 041 | 1 |
_aeng _hspa |
|
| 042 | _apcc | ||
| 043 | _an-mx--- | ||
| 082 | 0 | 0 | _a863.64 BOLA |
| 100 | 1 |
_aBolano, Roberto _9180525 |
|
| 240 | 1 | 0 | _lEnglish |
| 245 | 1 | 4 |
_aThe spirit of science fiction / _cRoberto Bolaño ; translated by Natasha Wimmer. |
| 260 |
_aNew York : _bPenguin Press _c2019. |
||
| 300 |
_a196 pages ; _c22 cm |
||
| 336 |
_atext _btxt _2rdacontent |
||
| 500 | _a"A novel"--Dust jacket. | ||
| 500 | _a"Originally published in Spanish under the title El espíritu de la ciencia-ficción by Alfaguara, Madrid." | ||
| 520 |
_a"Set in Mexico in the 1970s, the novel charts the literary and romantic escapades of two Chilean aspiring writers, employing a range of genres, from epistolary novel to science fiction to satire"-- _cProvided by publisher. |
||
| 650 | 0 |
_aAuthorship _vFiction. _9180526 |
|
| 650 | 0 |
_aAuthors, Chilean _vFiction. _9180527 |
|
| 650 | 0 |
_aChileans _zMexico _vFiction. _9180528 |
|
| 651 | 0 |
_aMexico City (Mexico) _vFiction. _9180529 |
|
| 776 | 0 | 8 |
_iOnline version: _aBolaño, Roberto, 1953-2003, author. _tSpirit of science fiction _dNew York : Penguin Press, 2018 _z9780735222861 _w(DLC) 2018008859 |
| 942 |
_2ddc _cBOOK _w162 _xElsie Maluleke _y162 _zElsie Maluleke |
||
| 999 |
_c755484 _d755483 |
||